| 000 | 00735nam a22002297a 4500 | ||
|---|---|---|---|
| 003 | UA-OsUOA | ||
| 001 | 34781 | ||
| 007 | ta | ||
| 008 | 20051020b un ||||| |||| 00| 0 ukr d | ||
| 100 | _aСтолярова Л.П. | ||
| 090 |
_a81'367(075) _bС81 |
||
| 942 | _cBK | ||
| 040 |
_aUA-OsUOA _brus _cUA-OsUOA _dUA-OsUOA |
||
| 245 | _aСубстантивная конструкция - основное звено малого синтаксиса | ||
| 300 | _a72 с. | ||
| 955 | _a2 | ||
| 041 | _arus | ||
| 080 | _a81'367(075) | ||
| 260 |
_aДніпропетровськ _c1990 |
||
| 650 | 7 |
_a8 Мовознавство. Художня література. Літературознавство _2UDC |
|
| 999 |
_c321216 _d321216 |
||